MDQL
is popping MORE tags! Check the
thread
!
Quizzes
Events
Quiz Creation
Community
Videos
Private Events
Remove Ads
Sign In
Join for FREE
Feedback
Dark Mode
Quiz Categories
Sports
Geography
Music
Movies
Television
Just For Fun
Miscellaneous
History
Literature
Language
Science
Gaming
Entertainment
Religion
Holiday
For Kids
Quiz Lab
Recent
Popular Today
Quiz Kudos Today
Editor Picks
Curator Picks
Quizzes by...
Day
Popularity
Type
Ratings
Length
Year
Community
Subscriptions
Recent Discussions
Orange Saloon
Badges
Playlists
Quests
Create
Leaderboards
Showdown
Live 5
Trivia Bingo
Activity
Puzzle Library
Sporcle Events
Private Events
Virtual Trivia
Globe League
Become a Host
Pub Owners
SporcleCon
Opinionation
Our Games
Videos
Blog
Mobile Apps
Partnerships
Remove Ads and Go Orange
Feedback
Sports
Athletes
MLB
NBA
NHL
NFL
Soccer
Sports Teams
WWE
NCAA
Football
Premier League
Basketball
Baseball
Hockey
Golf
Tennis
Cricket
Rugby
Auto Racing
Olympics
World Cup
Sports
Athletes
MLB
NBA
NHL
NFL
Soccer
Sports Teams
WWE
NCAA
Football
Premier League
Basketball
Baseball
Hockey
Golf
Tennis
Cricket
Rugby
Auto Racing
Olympics
World Cup
Random Quiz
Search Sporcle
×
Quiz Lab
Quiz Lab
Sports
MLB
Type in answers that appear in a list
Type in answers that appear in a list
Classic
Best Score? Go Orange.
MLB Career HR by AL/NL Team(s) Stats
For each MLB category listed, can you name the top ten career home run leaders who played for the amount of AL or NL teams given?
By
jsnellerwm
12m
100 Questions
615 Plays
615 Plays
615 Plays
Comments
Comments
Give Quiz Kudos
Give Quiz Kudos
-
- Ratings
hide this ad
Replay
Link that replays current quiz
Next Quiz
Link to next quiz in quiz playlist
You Got
0%
They Got
Avg Score
65%
Avg Friend Score
Upgrade to see
Score Distribution
Jump to the score distribution portion of the page
Score
0/100
Timer
12:00
0
Plays Today
Category:
Player:
% Correct
Two (2) AL teams:
Babe Ruth (708)
96.6%
One (1) AL team:
Mickey Mantle (536)
96.4%
One (1) AL team:
Ted Williams (521)
96.4%
Two (2) NL teams:
Matt Williams (346)
96.4%
One (1) NL team:
Hank Aaron (733)
95.3%
Two (2) NL teams:
Barry Bonds (762)
94.5%
One (1) NL team:
Mike Schmidt (548)
94.3%
One (1) AL team:
Lou Gehrig (493)
94%
One (1) NL team:
Ernie Banks (512)
93.8%
Three (3) AL teams:
Alex Rodriguez (696)
93.6%
Four (4) AL teams:
Ivan Rodriguez (281)
93.5%
One (1) NL team:
Chipper Jones (468)
93.3%
Two (2) AL teams:
David Ortiz (541)
93.3%
Two (2) NL teams:
Andruw Jones (371)
93.3%
One (1) NL team:
Jeff Bagwell (449)
93%
One (1) NL team:
Sammy Sosa (545)
92.5%
One (1) AL team:
Cal Ripken Jr. (431)
91.7%
Two (2) NL teams:
Willie Mays (660)
91.7%
One (1) NL team:
Stan Musial (475)
91.4%
One (1) NL team:
Albert Pujols (445)
90.7%
Two (2) AL teams:
Harmon Killebrew (573)
90.7%
Two (2) AL teams:
Jimmie Foxx (524)
90.7%
Three (3) AL teams:
Frank Thomas (521)
90.7%
Five or more (5+) NL teams:
Frank Thomas (286)
90.7%
One (1) NL team:
Willie Stargell (475)
90.2%
Two (2) AL teams:
Rafael Palmeiro (544)
90.2%
One (1) NL team:
Mel Ott (511)
90.1%
Two (2) AL teams:
Ken Griffey Jr. (420)
88.1%
Three (3) AL teams:
Manny Ramirez (511)
87.6%
Three (3) NL teams:
Aramis Ramirez (386)
87.6%
Four (4) AL teams:
Reggie Jackson (563)
86.5%
One (1) AL team:
Al Kaline (399)
85.7%
Two (2) NL teams:
Willie McCovey (521)
85%
Four (4) AL teams:
Jim Thome (511)
83.6%
Category:
Player:
% Correct
One (1) AL team:
Jim Rice (382)
82.9%
One (1) AL team:
Mark McGwire (363)
82.6%
One (1) AL team:
Paul Konerko (432)
82.1%
One (1) AL team:
Joe DiMaggio (361)
80.1%
Three (3) NL teams:
Mike Piazza (419)
79.6%
Two (2) NL teams:
Eddie Mathews (503)
79.5%
Five or more (5+) NL teams:
Gary Sheffield (389)
76.9%
One (1) AL team:
Carl Yastrzemski (452)
76.7%
Three (3) NL teams:
Duke Snider (407)
76.4%
Two (2) AL teams:
Dwight Evans (385)
76.1%
Three (3) NL teams:
Andre Dawson (409)
75.2%
Three (3) AL teams:
Albert Belle (381)
75.1%
Three (3) NL teams:
Larry Walker (383)
74.9%
Three (3) AL teams:
Eddie Murray (396)
74.6%
Three (3) AL teams:
Jason Giambi (418)
74.3%
Two (2) NL teams:
Lance Berkman (359)
73.3%
Three (3) NL teams:
Adam Dunn (354)
72%
Two (2) NL teams:
Dale Murphy (398)
70.2%
Four (4) AL teams:
Juan Gonzalez (434)
69.5%
Five or more (5+) NL teams:
Luis Gonzalez (331)
69.5%
Five or more (5+) AL teams:
Jose Canseco (462)
68.7%
Three (3) AL teams:
Joe Carter (365)
68.4%
Four (4) NL teams:
Gary Carter (324)
68.4%
Two (2) AL teams:
Carlton Fisk (376)
65.8%
Two (2) NL teams:
Gil Hodges (370)
65.1%
Two (2) NL teams:
Ralph Kiner (351)
64.7%
Four (4) NL teams:
Fred McGriff (269)
62.9%
Four (4) NL teams:
Dave Kingman (336)
62.5%
Five or more (5+) AL teams:
Dave Winfield (311)
60.9%
Five or more (5+) NL teams:
Andres Galarraga (388)
57.3%
Three (3) AL teams:
Mark Teixeira (372)
56.8%
Four (4) AL teams:
Chili Davis (249)
56%
Four (4) NL teams:
Eric Davis (237)
56%
Five or more (5+) NL teams:
Derrek Lee (319)
53.1%
Category:
Player:
% Correct
Four (4) AL teams:
Cecil Fielder (319)
52.3%
Three (3) NL teams:
Tony Perez (339)
51.5%
Three (3) AL teams:
Torii Hunter (353)
51.3%
Five or more (5+) AL teams:
Harold Baines (384)
51.1%
Four (4) NL teams:
Jeff Kent (366)
50.5%
Three (3) NL teams:
Orlando Cepeda (358)
48.9%
Two (2) AL teams:
Norm Cash (377)
46.7%
Five or more (5+) AL teams:
Rocky Colavito (371)
46.1%
Five or more (5+) NL teams:
Moises Alou (332)
46.1%
Two (2) AL teams:
Boog Powell (336)
42.8%
Three (3) NL teams:
George Foster (347)
42.8%
Three (3) AL teams:
Graig Nettles (333)
41.7%
Four (4) NL teams:
Rogers Hornsby (298)
41.7%
Four (4) AL teams:
Fred Lynn (300)
40.1%
Five or more (5+) AL teams:
Don Baylor (338)
38.6%
Five or more (5+) NL teams:
Vinny Castilla (312)
36.5%
Four (4) NL teams:
Joe Morgan (262)
34.9%
Five or more (5+) AL teams:
Al Simmons (300)
34.4%
Five or more (5+) NL teams:
Reggie Sanders (292)
28.2%
Five or more (5+) NL teams:
Ron Gant (312)
26.5%
Five or more (5+) AL teams:
Lance Parrish (289)
26.4%
Five or more (5+) NL teams:
Steve Finley (287)
26.2%
Three (3) NL teams:
Chuck Klein (300)
25.4%
Five or more (5+) AL teams:
Ruben Sierra (304)
23.5%
Four (4) AL teams:
George Scott (271)
20.5%
Four (4) AL teams:
Roy Sievers (274)
16.9%
Five or more (5+) AL teams:
Willie Horton (325)
16.8%
Four (4) NL teams:
Adam LaRoche (242)
15.6%
Four (4) AL teams:
Mike Napoli (265)
14.2%
Four (4) NL teams:
Hank Sauer (288)
11.9%
Four (4) NL teams:
Wally Berger (242)
7.8%
Five or more (5+) AL teams:
Vic Wertz (266)
5.9%
Quiz Playlist
Details
Report
Send in Message
Add To Playlist
Classic:
Type in answers that appear in a list
Last Updated: Aug 30, 2017
Quiz Scoreboard
CHALLENGE
Sign Up to Join the Scoreboard
Show All
Scores
Hide
Comments
May contain spoilers
Recently Published
Street Fighter Characters
by Artimus82
Gaming
60s
9x9 Crossword: Cartoon Network
by jackfrog10
Miscellaneous
3m
College Basketball Coaching Resumes
by pancakes188
Sports
9m
More to Explore
Quiz From the Vault
Featured Blog Post
Where Did the Easter Bunny Come From?
hide this ad
You Might Also Like...
Tags
MLB Quiz
amount
Career
Category
home
Leader
Player
run
team
ten
Today's Top Quizzes in Sports
Browse Sports
hide this ad
Today's Top Quizzes in MLB
Browse MLB
Top Contributed Quizzes in Sports
1
2022 World Cup Stars
2
Les meilleurs buteurs des matchs entre le PSG et l’OM
3
FIFA Club World Cup Champions
4
Les entraîneurs de l'OM et du PSG au 21e siècle
5
Criteria MLB: Left Handed Sluggers
6
2023 MLB Unique Player Accomplishments
7
AFC Teams Reveal (Wrong Answers Minefield)
8
Players with Multiple 50 Home Run Seasons
9
5-to-1: FBS Animal Nicknames
10
5-to-1: UK Sports Teams
Explore More
Trending Topics
Kpop
Disney
Anime
Crossword
Marvel
NBA
Harry Potter
The Office
Country
Pokémon
Song
Puzzle
WWE
NFL
Soccer
hide this ad
More By:
jsnellerwm
Quiz
Plays
Rating
Category
Featured
Created
NBA Draft Class Top Scorers
67,425
4.87
Sports
Dec 28, 2016
NBA Playoff Point Leaders
52,158
4.77
Sports
Apr 25, 2017
30-Points in NBA Finals Decider
52,113
4.69
Sports
Jun 13, 2017
NBA Quickest to 500 Points
47,709
4.69
Sports
Jun 26, 2017
NBA: 1,000 Games, 75% Starts
42,204
4.70
Sports
Dec 27, 2016
Go to Creator's Profile
Score Distribution
Quiz Creator Spotlight
jsnellerwm
Follow
Send a Message
Quizzes Created
-
Created Quiz Play Count
-
More By This Creator
Popular Quizzes Today
1
Find the US States - No Outlines Minefield
2
Find the Countries of Europe - No Outlines Minefield
3
The Countries of the World
4
Find the US States
5
Risky Map Clicking: Biggest States A-Z
6
US States
7
Popular People in 1961
8
Movies - When Are They Set?
More Sports Quizzes
Did They Play For Liverpool?
Curator's Pick
Trending Quizzes
Risky Map Clicking: Least Populous States A-Z
1-10 Letter G Words
Risky Map Clicking: Next State Alphabetically
Adjectives in 80s TV Shows
The Seven Year Switch: Catherine
Recently Updated
Leaping Animals
pecheneg
Reality TV Shows (A-Z)
bhenderson79
Rickey Henderson's Hall of Fame Teammates
pecheneg
Champions League XIs: Arsenal
pecheneg
Quick Pick: Celebrities in WWE's Hall of Fame
aduchscher
A-Z Keypad Blitz II
pecheneg
Multiple Oscar Actors
pecheneg
Mystery Phrase Blitz: Oscar 'Best Actors'
pecheneg
F. Scott Fitzgerald Novels
LTH
Pick 3 Villains
ddd62291
Trending Topics
Anime
Crossword
Harry Potter
NBA
Disney
Kpop
Marvel
NFL
The Office
Soccer
Puzzle
WWE
Country
Pokémon
Song
Your Account Isn't Verified!
In order to create a playlist on Sporcle, you need to verify the email address you used during registration. Go to your
Sporcle Settings
to finish the process.
Report this User
Report this user for behavior that violates our
Community Guidelines
.
Details:
Send Report
Go to the Sporcle.com Mobile Site →
Comments